000 00290nam a22001337a 4500
008 190205b xxu||||| |||| 00| 0 eng d
020 _a9780321568977
041 _aeng
080 _25th
_a510
100 _a36
101 _aMAT
245 _aCollege Algebra
_cBlitzer, E
942 _2udc
_cBK
999 _c54051
_d54051